000 00305nam a22001337a 4500
008 180903b xxu||||| |||| 00| 0 eng d
020 _a9780805373738
041 _aeng
080 _a611
100 _a7
101 _aANA
245 _aA brief Atlas Of The Human Body
_cMallatt.j
942 _2udc
_cBK
999 _c47465
_d47465